Catálogo

Vista normal Vista MARC

Entrada Personal Name

Número de registros utilizados en: 4

001 - CONTROL NUMBER

  • control field: 3200

003 - CONTROL NUMBER IDENTIFIER

  • control field: OSt

005 - DATE AND TIME OF LATEST TRANSACTION

  • control field: 20180716122154.0

008 - FIXED-LENGTH DATA ELEMENTS

  • fixed length control field: 170130 a|ac|n|aab||||||||||||a |n|||||||

010 ## - LIBRARY OF CONGRESS CONTROL NUMBER

  • LC control number: 84149734

040 ## - CATALOGING SOURCE

  • Original cataloging agency: DLC
  • Language of cataloging: spa
  • Description conventions: rda
  • Transcribing agency: Mx-PuUPA
  • Modifying agency: DLC
  • Modifying agency: Mx-PuUPA

100 1# - HEADING--PERSONAL NAME

  • Personal name: Borisovna, Liudmila,

375 ## - GENDER

  • Gender: mujer

377 ## - ASSOCIATED LANGUAGE

  • Language code: spa

400 1# - SEE FROM TRACING--PERSONAL NAME

  • Personal name: Borisovna Biriukova, Ludmila

400 1# - SEE FROM TRACING--PERSONAL NAME

  • Personal name: Biriukova, Ludmila Borisovna

400 1# - SEE FROM TRACING--PERSONAL NAME

  • Personal name: Borisovna, Ludmila

670 ## - SOURCE DATA FOUND

  • Source citation: Biblioteca del congreso (Estados Unidos), 30 agosto 2017:
  • Information found: catálogo electrónico:
  • Uniform Resource Identifier: https://goo.gl/iE3mdD

670 ## - SOURCE DATA FOUND

  • Source citation: Her Fuentes para la historia de México de 1810 a 1920 en la Bibl. José María Lafra. de la Univ. Aut. de Puebla, 1982:
  • Information found: t.p. (Liudmila Borisovna)
  • Uniform Resource Identifier: https://goo.gl/iE3mdD

670 ## - SOURCE DATA FOUND

  • Source citation: Vivir un espacio, c2002:
  • Information found: t.p. (Ludmila Borisovna Biriukova) p. 9 (Ludmila Borisovna)